Quiz Musique (#groupes de Rock 1) - Statistiques

Statistiques générales
  • Ce quiz a été pris 1 289 fois
  • Le résultat moyen est 8 sur 15
Statistiques - réponses
Titres Principaux Nationalité Groupe/Artiste % Correct
Highway to Hell - Back In Black Australie - Royaume-Uni AC/DC
98%
Dream On - Walk This Way Etats-Unis Aerosmith
80%
Livin' On A Prayer - It's My Life Etats-Unis Bon Jovi
62%
Do I Wanna Know - 505 Royaume-Uni Arctic Monkeys
58%
Call Me - Heart Of Glass Etats-Unis Blondie
58%
Personal Jesus - Enjoy the Silence Royaume-Uni Depeche Mode
56%
Born in the U.S.A. - Streets of Philadelphia Etats-Unis Bruce Springsteen
54%
Girls & Boys - Song 2 Royaume-Uni Blur
53%
Starman - Rebel Rebel Royaume-Uni David Bowie
53%
Paranoid - Iron Man Royaume-Uni Black Sabbath
52%
Smoke On The Water - Soldier of Fortune Royaume-Uni Deep Purple
52%
Knockin' On Heaven's Door - Hurricane Etats-Unis Bob Dylan
50%
Johnny Be Goode - You Can Never Tell Etats-Unis Chuck Berry
42%
Fortunate Son - Have you Ever Seen The Rain Etats-Unis Creedence Clearwater Revival
22%
Sunshine Of Your Love - White Room Royaume-Uni Cream
21%
Aucun quiz correspondant
Distribution des résultats
% des personnes avec chaque résultat
Percentile par nombre de réponses
Votre historique - résultats
Vous n’avez pas pris ce quiz